| 000 | 00415nam a2200181Ia 4500 | ||
|---|---|---|---|
| 001 | 9184 | ||
| 005 | 20260306160705.0 | ||
| 008 | 260306t2014||||xx |||||||||||||| ||spa|| | ||
| 041 | _aESP | ||
| 082 |
_a375 _bP59 |
||
| 100 |
_aPinar, William F. _eAUT |
||
| 245 | 0 | _aLa teoría del curriculum | |
| 260 | _c2014 | ||
| 300 |
_a299 páginas : _c24 cm. |
||
| 650 | _aGEN | ||
| 654 | _aCED | ||
| 942 |
_cLIB _dJUS _fJUS _2ddc _n |
||
| 999 |
_c9184 _d9184 |
||